Where Is Justice? (Record no. 7684)

MARC details
000 -LEADER
fixed length control field 00577nam a2200241 a 4500
020 ## - INTERNATIONAL STANDARD BOOK NUMBER
ISBN
082 00 - DEWEY DECIMAL CLASSIFICATION NUMBER
Classification number 241
Author Cutter FRE
100 ## - MAIN ENTRY--AUTHOR NAME
Author name Frenz, Albrecht
245 ## - TITLE STATEMENT
Title Where Is Justice?
260 ## - PUBLICATION, DISTRIBUTION, ETC. (IMPRINT)
Place of publication Madurai
Name of publisher Tamilnadu Theological Seminary
Year of publication 1976
300 ## - PHYSICAL DESCRIPTION
Number of Pages 230p
500 ## - GENERAL NOTE
General note includes index and biblioraphy
505 2# - FORMATTED CONTENTS NOTE
Formatted contents note Appendex
650 ## - SUBJECT ADDED ENTRY--TOPICAL TERM
Topical Term Christian-Ethics
942 ## - ADDED ENTRY ELEMENTS (KOHA)
Koha item type Books
700 1# -
-- Frenz, Albrecht
Holdings
Collection code Home library Current library Date acquired Cost, normal purchase price Full call number Accession Number Koha item type
  Henry Martyn Institute Library Henry Martyn Institute Library 06/28/2007 35.00 241 FRE 013735 Books
                   Copyright © 2026 | Henry Martyn Institute | Hyderabad | TS-500052 | INDIA | Implemented by hmi.edu.in
Hit-Count:

Powered by Koha